UBT Library

Conquering complexity in your business : (Record no. 912)

000 -LEADER
fixed length control field 00686nam a22001937a 4500
008 - FIXED-LENGTH DATA ELEMENTS--GENERAL INFORMATION
fixed length control field 150527b xxu||||| |||| 00| 0 eng d
020 ## - INTERNATIONAL STANDARD BOOK NUMBER
International Standard Book Number 9780071435086
041 0# - LANGUAGE CODE
Language code of text/sound track or separate title eng
080 ## - UNIVERSAL DECIMAL CLASSIFICATION NUMBER
Universal Decimal Classification number 658
100 1# - Rafti
Rafti George, Michael L.
245 10 - TITLE STATEMENT
Title Conquering complexity in your business :
Statement of responsibility, etc Michael L. George, Stephen A. Wilson.
260 ## -
-- New York :
-- McGraw-Hill,
-- c2004.
300 ## -
-- 336 f. :
-- me il. ;
-- 24 cm.
500 ## -
-- Preface:f XI-XVI
650 #0 -
-- Menaxhment
650 #0 -
-- Efiçienca industriale
700 1# -
-- Wilson, Stephen A.
-- 1969-
-- (Stephen Anthony),
942 ## - ADDED ENTRY ELEMENTS (KOHA)
Source of classification or shelving scheme
Item type Books
Holdings
Withdrawn status Lost status Source of classification or shelving scheme Damaged status Not for loan Collection code Permanent location Current location Shelving location Date acquired Total Checkouts Full call number Barcode Date last seen Koha item type Price effective from
          Koleksioni i përgjithshem UBT - Lipjan UBT - Lipjan Koleksioni i përgjithshem 05/27/2015   658 GEO 002-007683 05/27/2015 Books  
          Koleksioni i përgjithshem UBT - Lipjan UBT - Lipjan Koleksioni i përgjithshem 09/28/2015   658 GEO 002-008029 09/28/2015 Books 09/28/2015
          Koleksioni i përgjithshem UBT - Lipjan UBT - Lipjan Koleksioni i përgjithshem 09/28/2015   658 GEO 002-008028 09/28/2015 Books 09/28/2015
          Koleksioni i përgjithshem UBT - Lipjan UBT - Lipjan Koleksioni i përgjithshem 09/28/2015   658 GEO 002-008022 09/28/2015 Books 09/28/2015
          Koleksioni i përgjithshem UBT - Lipjan UBT - Lipjan Koleksioni i përgjithshem 09/28/2015   658 GEO 002-008021 09/28/2015 Books 09/28/2015
          Koleksioni i përgjithshem UBT - Lipjan UBT - Lipjan Koleksioni i përgjithshem 09/28/2015   658 GEO 002-008020 09/28/2015 Books 09/28/2015
          Koleksioni i përgjithshem UBT - Lipjan UBT - Lipjan Koleksioni i përgjithshem 09/28/2015   658 GEO 002-008012 09/28/2015 Books 09/28/2015
          Koleksioni i përgjithshem UBT - Lipjan UBT - Lipjan Koleksioni i përgjithshem 09/28/2015   658 GEO 002-008011 09/28/2015 Books 09/28/2015
          Koleksioni i përgjithshem UBT - Lipjan UBT - Lipjan Koleksioni i përgjithshem 09/28/2015   658 GEO 002-008010 09/28/2015 Books 09/28/2015
          Koleksioni i përgjithshem UBT - Prishtine UBT - Prishtine Koleksioni i përgjithshem 05/29/2015   658 GEO   05/29/2015 Books 05/29/2015
UBT Library © 2015-2024. All rights reserved University Education for Business and Technology